| 000 | 00750nas a2200253 4500 | ||
|---|---|---|---|
| 001 | BR0804315 | ||
| 003 | BR-BrBNA | ||
| 005 | 20231205111810.0 | ||
| 007 | ta | ||
| 008 | 230509b bl.|||p| |||| 00| 00por d | ||
| 040 |
_aBR-BrBNA _bpor _cBiblioteca Nacional de Agricultura |
||
| 041 | _a(Pt) | ||
| 072 | _aL70 | ||
| 100 | 1 | _aHumbert, G. | |
| 100 | 1 | _aCheuiche, A.J. de V. | |
| 245 | 1 | _aLavagem bronco-alveolar com ou sem auxílio de bronscocopia em cães e gatos | |
| 650 | _aCÃO | ||
| 650 | _aGATO | ||
| 650 | _aLAVAGEM | ||
| 650 | _aAPARELHO RESPIRATÓRIO | ||
| 773 | 0 |
_tA Hora Veterinária (Brazil) _xISSN 0101-9163 _g(Sep-Oct 2004), v. 24(141) p. 22-23 _wBR0804315 |
|
| 909 |
_a202311 _bLúcia _c55 _dLúcia Elande |
||
| 942 |
_2AGRIS _n0 _cANA |
||
| 999 |
_c194528 _d194528 |
||